000 01623nam a2200325 i 4500
001 188837
003 SpMaBN
005 20250728094804.0
008 190218s1996 sp h |||| | spa d
020 _a84-87819-91-5
080 _a(051)
100 1 _aPardo de Andrade, Manuel.
_9130834
245 1 0 _aSemanario político, histórico y literario de La Coruña (1809-1810) /
_cManuel Pardo de Andrade ; selección e introducción de María Rosa Saurín de la Iglesia ; [presentación por José Filgueira Valverde].
250 _aEd. facsímil.
260 _a[La Coruña] :
_bFundación Pedro Barrié de la Maza, Conde de Fenosa,
_c[1996]
300 _a2 v. (LV, 598 p.; [599]-1203 p.) ;
_c23 cm.
490 1 _aIlustrados, sociólogos y economistas gallegos
505 8 _aContiene: I ;
_tN. 1-n. 25 - II ;
_tN. 26-n. 51
534 _pReprod. facs. de la publicación semanal:
_cLa Coruña : Francisco Cándido Pérez Prieto, 1809-1810.
655 7 _2tgfbne
_9226495
_aFacsímiles
700 1 _aSaurín de la Iglesia, María Rosa.
_9104010
700 1 _aFilgueira Valverde, José,
_d1906-1996
_950833
710 2 _aFundación Pedro Barrié de la Maza, Conde de Fenosa
_9176439
830 0 0 _aIlustrados, sociólogos y economistas gallegos
_9193139
852 _aES-MaACL
_jA-14353
_pv.1
_9195971
_bR.151662
_cDEPO1
_dOlim: N-7353
_hDonación: Fundación Barrié
852 _aES-MaACL
_jA-14354
_pv.2
_9200941
_bR.151662
_cDEPO1
_dOlim: N-7354
_hDonación: Fundación Barrié
914 _aFundación Pedro Barrié de la Maza, Conde de Fenosa
_ednr
_9176439
942 _2udc
_cMONOGRAFIA
999 _c188837
_d188837